000 00643nam a2200277Ia 4500
005 20260324134337.0
008 008 260324s9999 xx 000 0 eng d
020 _a9781315242439
037 _aEBOOK
040 _aCRL
040 _beng
040 _cCRL
041 _2eng
041 _aeng
084 _qCRL
100 _aRené Provost
_91196457
245 0 _aState Responsibility in International Law
260 _bTaylor and Francis
260 _c2002
365 _a
365 _b660
856 _uhttp://www.taylorfrancis.com/books/9781315242439
942 _cEBOOK
999 _c1796468
_d1796468